Statistics for Premier League Players 2020/21 By Name - G

Click here to take the quiz!

General Stats

  • This quiz has been taken 37 times
    (28 since last reset)
  • The average score is 16 of 22

Answer Stats

ClubNationPositionPlayer% Correct
ArsenalBrazilDFGabriel
100%
Manchester CityGermanyMFIlkay Gundogan
100%
LiverpoolEnglandDFJoe Gomez
100%
ChelseaFranceFWOlivier Giroud
100%
Aston VillaEnglandFWJack Grealish
92%
ChelseaScotlandMFBilly Gilmour
85%
Manchester UnitedEnglandFWMason Greenwood
85%
Crystal PalaceSpainGKVicente Guaita
85%
EvertonPortugalMFAndre Gomes
77%
BurnleyIcelandFWJohann Berg Gudmundsson
77%
Brighton & Hove AlbionGermanyMFPascal Gross
77%
West Bromwich AlbionEnglandFWKarlan Grant
69%
Manchester UnitedEnglandGKLee Grant
69%
EvertonEnglandDFBen Godfrey
62%
Manchester CitySpainDFEric Garcia
62%
EvertonIvory CoastMFJean-Philippe Gbamin
62%
West Bromwich AlbionEnglandDFKieran Gibbs
54%
Newcastle UnitedEnglandFWDwight Gayle
46%
WolvesEnglandMFMorgan Gibbs-White
46%
West Bromwich AlbionEnglandMFConor Gallagher
38%
Newcastle UnitedEnglandGKMark Gillespie
38%
West Bromwich AlbionPolandFWKamil Grosicki
31%

Score Distribution

Percentile by Number Answered

Percent of People with Each Score

Your Score History

You have not taken this quiz since the last reset